000 00672nam a2200181Ia 4500
005 20251020182607.0
008 200515s9999 xx 000 0 und d
082 _aSC/528.41/Q6
100 _aQUICAÑO SALVATIERRA, Víctor LAZO BARRENECHEA, Rolando
245 0 _aTopografía
260 _aLima
260 _c1995
520 _aLevantamiento topográfico que tiene como objetivo, proporcionar datos precisos suficientes, para ser empleados por Infes, en el proyecto de remodelación del Centro Educativo Luis Enrique XVII, ubicado en el Jr. Húsares de Junín s/n., en la Urb. Chacra Cer
650 _aLIB
650 _aM-SENC
650 _aTOPOGRAFIA
942 _cLIB
999 _c3238
_d3238